00430nam a2200121Ia 4500001000800000005001700008008004100025020001800066245009300084260002200177999002100199952008800220127042320260417151349.0260417s9999 xx 000 0 und d a9786258124293 0aGençler! Sizi Leylekler Getirmedi, Bir Aileniz Olduğunu Unutmayın!cSadullah Genç bBeyan Yayınları c1270423d1270423 00104070a1109b1109d2026-04-17l0p1109371r2026-04-17 15:13:49w2026-04-17yBK